| 000 | 01485nam a2200349 i 4500 | ||
|---|---|---|---|
| 001 | 200462561 | ||
| 003 | TR-AnTOB | ||
| 005 | 20241118102623.0 | ||
| 008 | 240927s2014 rusa|||| |||| 00| 0 rus d | ||
| 020 | _a9786175792148 | ||
| 040 |
_aTR-AnTOB _beng _erda _cTR-AnTOB |
||
| 041 | 0 | _arus | |
| 050 | 0 | 4 |
_aTJ265 _b.K376 2014 |
| 090 |
_aTJ265 _b.K376 2014 |
||
| 100 | 1 |
_aKarnaukh, V. V. _eauthor _9147127 |
|
| 245 | 1 | 0 |
_aTermodinamiка u promysloviy teplotekhnitsi ta teploenergetitsi / _cV.V. Karnauk, O.B. Biryukov, K.A.Rzhesik, V.V. Kravtsov. |
| 264 | 1 |
_aDonetsk, Ukrayna : _bDonetskiy natsional'nyy universitet ekonomiki i torgovli imeni Mikhaila Tugan-Baranovskogo Donetskiy natsional'nyy tekhnicheskiy universitet, _c2014. |
|
| 300 |
_a346 pages : _billustrations ; _c23 cm |
||
| 336 |
_atext _btxt _2rdacontent |
||
| 337 |
_aunmediated _bn _2rdamedia |
||
| 338 |
_avolume _bnc _2rdacarrier |
||
| 500 | _aТермодинаміка у промисловій теплотехніці та теплоенергетиці / В.В. Карнаух, О.Б. Бірюков, К.А. Ржесik, В.В. Кравцов | ||
| 650 | 0 |
_aThermodynamics _989238 |
|
| 650 | 0 |
_aHeat engineering _91415 |
|
| 650 | 0 |
_aSolar thermal energy _94115 |
|
| 653 | _aIndustrial Applications of Thermodynamics | ||
| 700 | 1 |
_aBiryukov, O. B. _eauthor _9147128 |
|
| 700 | 1 |
_aRzhesik, K. A. _eauthor _9147129 |
|
| 700 | 1 |
_aKravtsov, V. V. _eauthor _9147130 |
|
| 942 |
_2lcc _cBK |
||
| 999 |
_c200462561 _d80773 |
||